00440 2200181 4500001002100000005001500021035002000036008004100056245004100097100002400138250000600162260003400168300001200202084001400214082000800228650001000236990001200246INLIS00000000000109820240522091653 a0010-0524000333240522 1 ind 1 aHeart To Heart /cLurlene Mc. Daniel aMc. Daniel, Lurlene a1 aJakarta :bStudio Kata,c2014 a261 hlm a813 LUR h a813 4aFiksi a0744076